Metodología para evaluar la erosión de microcuenca El Palacio y su efecto sobre sistema hídrico semi cerrado caso de estudio : Humedad RAMSAR Lago de Apanás
Presenta una aplicación de metodología de erosión sobre la microcuenca El Palacio considerando tres parámetros biofísicos y su efecto sobre el humedal Lago de Apánas. Se elabora una propuesta alternativa que permita medir erosión con factores incidentes en la erosión.
| Main Author: | |
|---|---|
| Other Authors: | |
| Format: | Tesis Section = Libro |
| Language: | Undetermined Spanish |
| Published: |
Managua
UNI
2007
|
| Subjects: |
| LEADER | 01251nam a2200253Ia 4500 | ||
|---|---|---|---|
| 008 | 240830s9999 xx 000 0 und d | ||
| 040 | |a BIBLIOTECA-RUSB/ M.Mon 333.9163 R173 | ||
| 041 | |a spa | ||
| 082 | |a M.Mon 333.9163 R173 | ||
| 100 | 1 | |a Ramírez Siles, Mauricio Enrique | |
| 245 | 1 | 0 | |a Metodología para evaluar la erosión de microcuenca El Palacio y su efecto sobre sistema hídrico semi cerrado caso de estudio : Humedad RAMSAR Lago de Apanás |
| 260 | |a Managua |b UNI |c 2007 | ||
| 300 | |a 51 p. :il. | ||
| 500 | |a Contiene: índices y tablas. | ||
| 502 | |a Tesis (Máster en Planificación y Administración Ambiental de Proyectos) - UNI, 2007. | ||
| 520 | 3 | |a Presenta una aplicación de metodología de erosión sobre la microcuenca El Palacio considerando tres parámetros biofísicos y su efecto sobre el humedal Lago de Apánas. Se elabora una propuesta alternativa que permita medir erosión con factores incidentes en la erosión. | |
| 650 | 7 | |a LAGO DE APANÁS-ASPECTOS AMBIENTALES | |
| 650 | 7 | |b EROSIÓN DE MICROCUENCAS | |
| 650 | 7 | |c SISTEMAS HÍDRICO | |
| 650 | 7 | |d CUENCAS HIDROGRÁFICA-LAGO DE APANÁS | |
| 700 | 1 | |a Tutor: |b Gómez Ortega, Graciela Dionides | |
| 942 | |c BK |2 ddc | ||
| 991 | |a TESIS | ||
| 999 | |c 19242 | ||